Thành ngữ trong tiếng Anh = Essential idioms in English /

Zapisane w:
Opis bibliograficzny
1. autor: Dixson, Robert J
Format: Książka
Język:Vietnamese
Wydane: TP Hồ Chí Minh 2001
Etykiety: Dodaj etykietę
Nie ma etykietki, Dołącz pierwszą etykiete!
Thư viện lưu trữ: Mạng thư viện Đại học Đà Nẵng
LEADER 00731nam a2200265 4500
001 000027237
003 DI-R01
005 20150403120000.0
008 150403s vm 000 vie
020 |c 0,0000 
040 |a notts 
100 |a Dixson, Robert J 
245 |a Thành ngữ trong tiếng Anh = Essential idioms in English /  |c Robert J. Dixson ; Nguyễn Hoàng Vĩnh Lộc, Nguyễn Lưu Bảo Đoan dịch và chú giải. 
260 |b TP Hồ Chí Minh  |c 2001 
OWN |a LTT 
999 |a From the UDN01 
TYP |a Monograph 
TYP |a Printed language 
980 |a Mạng thư viện Đại học Đà Nẵng